000 00712nam a22002657a 4500
001 BR6000873
003 BR-BrBNA
005 20230928095528.0
007 ta
008 230509b bl.||||| |||| 00| 0 por d
040 _aBR-BrBNA
_bpor
_cBiblioteca Nacional de Agricultura
041 _a(Por)
072 _aF04
090 _ F04 BR6000873
110 1 _aUltrafertil, Sao Paulo, SP (Brasil)
_910317
245 1 _aMistura de granulados. Materias primas utilizadas
260 3 _aSao Paulo, SP (Brasil):
_c1974.
300 _a11 p.
650 _aFertilizante
650 _aGranulo
650 _aMateria Prima
650 _aMistura de Fertilizante
909 _a202309
_bLucia
_c55
_dLucia Elande
942 _cBK
999 _c57106
_d57106